000 00840cam a2200241 4500
001 J107597
008 000000n2000 000 0 eng u
035 _a(Sirsi) u107597
050 _a711.14
110 _aUnited Kingdom
_bDepartment of the Environment, Transport and the Regions
_93507
245 _aFundamental review of the laws and procedures realting to compulsory purchase and compensation : final report
260 _aLondon
_bDETR
_c2000
300 _a81p. ; 30cm.
650 _aPLANNING
650 _aLOCAL AUTHORITIES
650 _aCOMPULSORY PURCHASE ACT 1965
650 _aLAND COMPENSATION ACT 1973
650 _aREGENERATION
650 _aDEVELOPMENT
650 _aCRICHEL DOWN RULES
690 _aENVIRONMENTAL AND LAND CONSULTANCY-PLANNING AND DEVELOPMENT-COMPULSORY PURCHASE AND COMPENSATION
942 _n0
999 _c100705
_d100705